000 00546nam a2200193 i 4500
001 128369
003 ES-MaACL
007 t|
008 070509s1983 sp ||||1| spa d
100 1 _aTaibo, Paco Ignacio.
_9109076
245 1 0 _aTodos los comienzos /
_cPaco Ignacio Taibo.
250 _a1ยช ed.
260 _a[Barcelona] :
_bArgos Vergara,
_c[1983]
300 _a360 p. ;
_c22 cm.
490 1 _aBiblioteca personal ;
_v2
830 0 _aBiblioteca personal ;
_v2
_9186679
852 _aES-MaACL
_jL-4818
_bR.105575
999 _c128369
_d128369